000 00303nam a22001337a 4500
008 181019b xxu||||| |||| 00| 0 eng d
020 _a9780691138572
041 _aeng
080 _a371
100 _a46
101 _aEDU
245 _aThe Elements of Library Research
_cGeorge,M.W
942 _2udc
_cBK
999 _c50283
_d50283